书目信息 |
| 题名: |
广告设计作品赏析
|
|
| 作者: | 赵玉晶 , 王伟建 主编 | |
| 分册: | ||
| 出版信息: | 北京 高等教育出版社 2001 |
|
| 页数: | 170页 | |
| 开本: | 26×25cm | |
| 丛书名: | ||
| 单 册: | ||
| 中图分类: | J534.3 | |
| 科图分类: | ||
| 主题词: | 广告--设计--世界--职业高中--教学参考资料 , CT--S028309--广告 | |
| 电子资源: | ||
| ISBN: | 7-04-009324-3 | |
| 000 | 00884nam0 2200265 45 | |
| 001 | 070730001281 | |
| 005 | 20071016093001.12 | |
| 010 | @a7-04-009324-3@dCNY36.00 | |
| 035 | @a(011001)c2001061158 | |
| 100 | @a20010816d2001 em y0chiy0110 ea | |
| 101 | 0 | @achi |
| 102 | @aCN@b110000 | |
| 105 | @aa z 000yy | |
| 200 | 1 | @a广告设计作品赏析@Aguang gao she ji zuo pin shang xi@f赵玉晶,王伟建主编 |
| 210 | @a北京@c高等教育出版社@d2001 | |
| 215 | @a170页@c图@d26×25cm | |
| 330 | @a本书分作品分析和作品赏析两部分,内容包括:招贴广告设计、报纸广告设计、杂志广告设计、宣传单广告设计等。 | |
| 510 | 1 | @aAdvertising Design@zeng |
| 606 | 0 | @a广告@x设计@y世界@x职业高中@j教学参考资料 |
| 606 | 0 | @2CT@3S028309@a广告 |
| 690 | @aJ534.3@v4 | |
| 701 | 0 | @a赵玉晶@Azhao yu jing@4主编 |
| 701 | 0 | @a王伟建@Awang wei jian@4主编 |
| 801 | 0 | @aCN@20010822@c20071016 |
| 905 | @dJ534.3@eZ340 | |
| 广告设计作品赏析/赵玉晶,王伟建主编.-北京:高等教育出版社,2001 |
| 170页:图;26×25cm |
| ISBN 7-04-009324-3:CNY36.00 |
| 本书分作品分析和作品赏析两部分,内容包括:招贴广告设计、报纸广告设计、杂志广告设计、宣传单广告设计等。 |
| ● |
| 相关链接 |
|
|
|
正题名:广告设计作品赏析
索取号:J534.3/Z340
 
预约/预借
| 序号 | 登录号 | 条形码 | 馆藏地/架位号 | 状态 | 备注 |
| 1 | 652988 | 206529880 | 社科库309/309社科库 90排1列1层/ [索取号:J534.3/Z340] | 在馆 | |
| 2 | 652989 | 206529899 | 社科库309/309社科库 90排1列1层/ [索取号:J534.3/Z340] | 在馆 | |
| 3 | 652990 | 206529906 | 社科库309/309社科库 90排1列1层/ [索取号:J534.3/Z340] | 在馆 |